000 00341pam a2200157a 44500
008 230515b1997 xxu||||| |||| 00| 0 eng d
020 _aNULL
041 _aENGLISH
082 _aNULL
100 _aNAIR.A.
245 _aTHE BETTER MAN
250 _a1
260 _aNEW DELHI
_bPENGUIN BOOKS LTD
_c1997
300 _a361
650 _aNULL
999 _c478131
_d478131